Подробности
| 000 -МАРКЕР |
| контрольное поле |
01859nam0a22003491 4500 |
| 001 - ИДЕНТИФИКАТОР ЗАПИСИ |
| контрольное поле |
rc\4775585 |
| 005 - ИДЕНТИФИКАТОР ВЕРСИИ |
| контрольное поле |
20260406103551.0 |
| 035 ## - ДРУГИЕ СИСТЕМНЫЕ НОМЕРА |
| Идентификатор записи |
(NLR Aleph) 008992061 |
| 100 ## - ДАННЫЕ ОБЩЕЙ ОБРАБОТКИ |
| Данные общей обработки |
20130417d1958 u y0rusy50 ca |
| 101 0# - ЯЗЫК РЕСУРСА |
| Язык текста, звукозаписи и т.д. |
русский |
| 102 ## - СТРАНА ПУБЛИКАЦИИ ИЛИ ПРОИЗВОДСТВА |
| Страна публикации |
Российская Федерация |
| 105 ## - ПОЛЕ КОДИРОВАННЫХ ДАННЫХ: ТЕКСТОВЫЕ МАТЕРИАЛЫ, МОНОГРАФИЧЕСКИЕ |
| Кодированные данные о монографическом текстовом документе |
y z ||||| |
| 200 1# - ЗАГЛАВИЕ И СВЕДЕНИЯ ОБ ОТВЕТСТВЕННОСТИ |
| Основное заглавие |
Избранные труды |
| Первые сведения об ответственности |
Ред. акад. В.И. Смирнова |
| Последующие сведения об ответственности |
Статья действ. чл. АН УССР Б.В. Гнеденко и доц. И.А. Марона, [с. 380-457] |
| -- |
Примеч. доц. В.И. Антроповой [и др.] |
| -- |
Акад. наук СССР |
| 210 ## - ПУБЛИКАЦИЯ, РАСПРОСТРАНЕНИЕ И ДР. |
| Место издания, распространения и т.д. |
Ленинград |
| Имя издателя, распространителя и т. д. |
Изд-во Акад. наук СССР. [Ленингр. отд-ние] |
| Дата издания, распространения и т.д. |
1958 |
| 215 ## - ФИЗИЧЕСКАЯ ХАРАКТЕРИСТИКА |
| Специфическое обозначение материала и объем |
583 с. |
| Размеры |
22 |
| 225 1# - СЕРИЯ |
| Основное заглавие серии |
Классики науки |
| 320 ## - ПРИМЕЧАНИЯ О НАЛИЧИИ В ДОКУМЕНТЕ БИБЛИОГРАФИИ / УКАЗАТЕЛЯ |
| Текст примечания |
Библиогр. указатель основных печ. и литогр. трудов М.В. Остроградского и литературы о нем / Сост. М.Г. Новолянская: с. 541-581 (309 назв.) |
| 606 ## - НАИМЕНОВАНИЕ ТЕМЫ КАК ПРЕДМЕТ |
| Наименование темы |
Механика |
| Код системы |
psbo |
| 606 ## - НАИМЕНОВАНИЕ ТЕМЫ КАК ПРЕДМЕТ |
| Наименование темы |
Математический анализ |
| Код системы |
psbo |
| 606 ## - НАИМЕНОВАНИЕ ТЕМЫ КАК ПРЕДМЕТ |
| Наименование темы |
Математическая физика |
| Код системы |
psbo |
| 700 #1 - ИМЯ ЛИЦА - ПЕРВИЧНАЯ ОТВЕТСТВЕННОСТЬ |
| Материалы, к которым относится поле |
rus |
| Графика поля |
Кириллица |
| Начальный элемент ввода |
Остроградский |
| Часть имени, кроме начального элемента ввода |
М. В. |
| Дополнения к именам, кроме дат |
математик, физик |
| Даты |
1801-1861 |
| Расширение инициалов личного имени |
Михаил Васильевич |
| Идентификатор авторитетной/нормативной записи |
RU\NLR\AUTH\7756240 |
| Системный номер авторитетной/нормативной записи |
39172 |
| 702 #1 - ИМЯ ЛИЦА - ВТОРИЧНАЯ ОТВЕТСТВЕННОСТЬ |
| Начальный элемент ввода |
Гнеденко |
| Часть имени, кроме начального элемента ввода |
Б.В. |
| Код отношения |
Прочие |
| 702 #1 - ИМЯ ЛИЦА - ВТОРИЧНАЯ ОТВЕТСТВЕННОСТЬ |
| Начальный элемент ввода |
Марон |
| Часть имени, кроме начального элемента ввода |
И. А. |
| Даты |
1911-1980 |
| Расширение инициалов личного имени |
Исаак Абрамович |
| Код отношения |
Прочие |
| 702 #1 - ИМЯ ЛИЦА - ВТОРИЧНАЯ ОТВЕТСТВЕННОСТЬ |
| Начальный элемент ввода |
Антропова |
| Часть имени, кроме начального элемента ввода |
В. И. |
| Код отношения |
Комментатор печатного текста |
| 702 #1 - ИМЯ ЛИЦА - ВТОРИЧНАЯ ОТВЕТСТВЕННОСТЬ |
| Код отношения |
Редактор |
| Материалы, к которым относится поле |
rus |
| Графика поля |
Кириллица |
| Начальный элемент ввода |
Смирнов |
| Часть имени, кроме начального элемента ввода |
В. И. |
| Даты |
1887-1974 |
| Дополнения к именам, кроме дат |
д-р физ.-мат. наук, математика |
| Расширение инициалов личного имени |
Владимир Иванович |
| Идентификатор авторитетной/нормативной записи |
RU\NLR\AUTH\7789893 |
| Системный номер авторитетной/нормативной записи |
72820 |
| 801 #0 - ИСТОЧНИК ЗАПИСИ |
| Страна |
Российская Федерация |
| Организация |
NLR |
| Правила каталогизации |
psbo |
| 801 #1 - ИСТОЧНИК ЗАПИСИ |
| Страна |
Российская Федерация |
| Организация |
ELAR |
| Источник данных |
rusmarc |
| 852 ## - МЕСТОНАХОЖДЕНИЕ И ШИФР ХРАНЕНИЯ |
| Идентификатор организации |
NLR |
| Шифр хранения (Call Number) |
59-5/211 |
| 942 ## - ДОПОЛНИТЕЛЬНЫЕ ЭЛЕМЕНТЫ ЗАПИСИ (АБИС) |
| Тип экземпляра АБИС |
Книга |
| 980 ## - КОЛЛЕКЦИЯ |
| Название коллекции |
Национальная библиография |